Základní proměny české ekonomiky v uplynulém čtvrtstoletí /

Hlavní autor: Zamrazilová, Eva, 1961-
Korporativní autor: Vysoká škola ekonomická v Praze. Národohospodářská fakulta
Jazyk: Čeština
Vydáno: Praha : Oeconomica, nakladatelství VŠE, 2021
Vydání: Vydání první
Témata:
Fyzický popis: 99 stran : ilustrace, mapy ; 25 cm
Knihy
Uloženo v:
LEADER 02258nam a2200553 i 4500
001 nkc20213327123
003 CZ PrNK
005 20240423085100.0
007 ta
008 210608s2021 xr ab e p 000 0 cze
015 |a cnb003327123 
020 |a 978-80-245-2411-5  |q (brožováno) :  |c Kč 153,00 
035 |a (OCoLC)1267679500 
040 |a OLA001  |b cze  |d ABA001  |e rda 
043 |a e-xr--- 
045 |a x9y1 
072 7 |a 330.5+338  |x Národní hospodářství a hospodářská politika  |2 Konspekt  |9 4 
072 7 |a 37.016  |x Učební osnovy. Vyučovací předměty. Učebnice  |2 Konspekt  |9 22 
080 |a 330.5+338  |2 MRF 
080 |a 338  |2 MRF 
080 |a (437.3)  |2 MRF 
080 |a (07)  |2 MRF 
100 1 |a Zamrazilová, Eva,  |d 1961-  |7 jx20050623029  |4 aut 
245 1 0 |a Základní proměny české ekonomiky v uplynulém čtvrtstoletí /  |c Eva Zamrazilová a kolektiv 
250 |a Vydání první 
264 1 |a Praha :  |b Oeconomica, nakladatelství VŠE,  |c 2021 
300 |a 99 stran :  |b ilustrace, mapy ;  |c 25 cm 
336 |a text  |b txt  |2 rdacontent 
337 |a bez média  |b n  |2 rdamedia 
338 |a svazek  |b nc  |2 rdacarrier 
500 |a Nad názvem: Vysoká škola ekonomická v Praze 
500 |a Na obálce nad názvem: Národohospodářská fakulta VŠE 
504 |a Obsahuje bibliografii a bibliografické odkazy 
648 7 |a 1991-2020  |7 ch771949  |2 czenas 
648 4 |a 1994-2019 
651 7 |a Česko  |7 ge128065  |x makroekonomický vývoj  |y 1991-2020  |2 czenas 
651 7 |a Česko  |7 ge128065  |x hospodářské poměry  |y 1991-2020  |2 czenas 
651 9 |a Czechia  |x macroeconomic development  |y 1991-2020  |2 eczenas 
651 9 |a Czechia  |x economic conditions  |y 1991-2020  |2 eczenas 
655 7 |a učebnice  |7 fd133770  |2 czenas 
655 9 |a textbooks  |2 eczenas 
710 2 |a Vysoká škola ekonomická v Praze.  |b Národohospodářská fakulta  |7 kn20010709401  |4 isb 
910 2 |a BOA001  |b 2-1469.497 
928 9 |a Vysoká škola ekonomická, nakladatelství Oeconomica 
990 |a BK 
995 |a 01 
991 |b 202107  |c NOV 
996 6 |b 2610871954  |c 2-1469.497  |l MZK  |r Sklad / do 1 hodiny  |n 0  |p p.v.  |w 001857729  |u 000010  |a 1  |e BOA001  |j MZK50  |s P 
996 7 |b 2610911908  |c 2-1469.497  |l MZK  |r Sklad / do 1 hodiny  |n 0  |p kup  |w 001857729  |u 000020  |a 1  |e BOA001  |j MZK50  |s A